| 000 | 00590nam a2200181Ia 4500 | ||
|---|---|---|---|
| 008 | 090630s9999 xx 000 0 und d | ||
| 082 | _b2049 | ||
| 100 | _aकेळकर न. चि. | ||
| 245 |
_aमराठे व इंग्रज. _cकेळकर न. चि. |
||
| 260 |
_bभिडे कमलाबाई. _c1963 |
||
| 300 | _a298 | ||
| 600 | _aकेळकर न. चि. | ||
| 630 | _aमराठे व इंग्रज. | ||
| 655 | _aइतर. | ||
| 700 | _aकेळकर न. चि. | ||
| 730 | _aमराठे व इंग्रज. | ||
| 942 | _cBOOK | ||
| 999 |
_c253905 _d253905 |
||